00513 2200193 4500001002100000005001500021035002000036008004100056245005300097100003200150260003100182300002600213020002200239084001400261082000800275990001200283990001200295990001200307INLIS00000000000274220250911035631 a0010-0925000089250911 0 1 aBiologi Kelas XII /cIrnaningtyas & Sylva Sagita aIrnaningtyas & Sylva Sagita aJakarta :bErlangga,c2021 a366 ;c(17,5 x 25 cm) a978-623-180-251-4 a590 IRN b a590 a0754953 a0754954 a0754952